MARC

LEADER 00000nam0a2200000 4500
001 64456
005 20231031065641.0
035 |a (RuTPU)RU\TPU\book\68404 
090 |a 64456 
100 |a 20040531d1977 k y0rusy50 ca 
101 0 |a rus 
102 |a RU 
105 |a a z 001zy 
200 1 |a Принципы рационального сжигания газа  |f А. М. Левин 
210 |a Ленинград  |c Недра  |d 1977 
215 |a 247 с.  |c ил. 
320 |a Библиогр.: с. 235-242. 
320 |a Предметный указатель: с. 243-245. 
610 1 |a природные газы 
610 1 |a горючие газы 
610 1 |a сжигание 
610 1 |a газовые горелки 
610 1 |a газовоздушные смеси 
610 1 |a беспламенное горение 
675 |a 662.612  |v 3 
675 |a 662.951.2  |v 3 
700 1 |a Левин  |b А. М.  |g Александр Моисеевич 
801 1 |a RU  |b 63413507  |c 20040531  |g PSBO 
801 2 |a RU  |b 63413507  |c 20041108  |g PSBO 
942 |c BK